[Event "Angers op 15th"]
[Site "Angers"]
[Date "2022.05.28"]
[Round "4"]
[White "Budak, Lori"]
[Black "Allard Nedellec, Guilhem"]
[Result "0-1"]
[WhiteElo "1717"]
[BlackElo "1915"]
[PlyCount "68"]
[EventDate "2022.05.27"]
[EventType "swiss"]
[EventRounds "6"]
[EventCountry "FRA"]
[SourceTitle "CBM 208 Extra"]
[Source "ChessBase"]
[SourceDate "2022.07.31"]
[SourceVersion "1"]
[SourceVersionDate "2022.07.31"]
[SourceQuality "1"]

1. e4 e6 2. d4 d5 3. Bd3 Nf6 4. e5 Nfd7 5. f4 c5 6. c3 Nc6 7. Nf3 a6 8. 0-0 g6 9. Kh1 Be7 10. a3 b5 11. Be3 Rb8 12. g4 a5 13. f5 a4 14. fxe6 fxe6 15. Qc2 Rg8 16. Bh6 cxd4 17. cxd4 Qb6 18. Qf2 Kd8 19. Nc3 Ba6 20. Rac1 Rc8 21. Ng5 Bxg5 22. Bxg5+ Kc7 23. Qf7 Kb8 24. Qxd7 Qxd4 25. Rcd1 Qxg4 26. Be7 Nxe7 27. Qxe7 Bb7 28. Qd6+ Ka8 29. Rg1 d4+ 30. Be4 Bxe4+ 31. Nxe4 Qf3+ 32. Rg2 Qxd1+ 33. Rg1 Qf3+ 34. Rg2 Rc1# 0-1